Can You Name the Sematary song given the lyric? - Statistics

General Stats
  • This quiz has been taken 413 times
  • The average score is 9 of 17
Answer Stats
Hint Answer % Correct
I'm at the Kmart, fuck it allYou can find me crying in the Walmart Toy Barn
77%
My scissor hands bloody, fuckboy, you been warned Scissor Hands
67%
I got knives and I been rolling, I don’t give a fuckShawty, meet me in the woods if you tryna fuck Dental Floss
66%
Yeah, hot girl, she likes BDSMYou know me, I like DSBM Toolbox
61%
I'm with Ghost Mountain, we do not repentGot a chainsaw, shotgun with a bayonet Pain
59%
I keep a shiny gold knife and I'm in Trevor mode Slaughter House
58%
Homie, I'm retarded, don't come in my house today Skin Mask
56%
I got a bad bitch from ArgentinaWire bat on me, turn ya to spirit orb Spirits
54%
Buckshots ring out, black wings unfoldBox in the dirt where you decompose Deer God
50%
Hold down hells unbindingBash 'em right the fuck in like The Shining Louisville Slugger
49%
If you don't live for some, then you gon' die for none I Hate Myself
48%
Take you down the back road to skincarver ranchHello pretty lady, do my skinwalker dance Nazgul
48%
Smoke Sabbath, I been feeling absentFinna end it all, find me in my cabin Broken Angel Hospital
47%
In the haunted forest, eatin' Count Chocula Hocky Mask
45%
A fu-fu-fuckin' apparition risen from the Haunted MoundSoul takin', we don’t ever fuckin' come around Tourniquet
43%
Don't try, dog, I'ma put you to sleepFueling up on RedBull and Trollis My Cutter
36%
Bald skinny hoеs on a chain, mine foreverGod can't savе you now, night of the skinwalker God's Light Burns Upon My Flesh
34%
No matching quizzes found
Score Distribution
Percent of People with Each Score
Percentile by Number Answered
Your Score History
You have not taken this quiz